Networking for Dummies (Record no. 11367)

MARC details
000 -LEADER
fixed length control field 00565nam a2200241 a 4500
020 ## - INTERNATIONAL STANDARD BOOK NUMBER
ISBN
082 00 - DEWEY DECIMAL CLASSIFICATION NUMBER
Classification number 005.3
Author Cutter LOW
100 ## - MAIN ENTRY--AUTHOR NAME
Author name Lowe, Doug
245 ## - TITLE STATEMENT
Title Networking for Dummies
260 ## - PUBLICATION, DISTRIBUTION, ETC. (IMPRINT)
Place of publication Delhi
Name of publisher Pustak Mahal
Year of publication 1996
300 ## - PHYSICAL DESCRIPTION
Number of Pages 358p
500 ## - GENERAL NOTE
General note includes index and biblioraphy
505 2# - FORMATTED CONTENTS NOTE
Formatted contents note Glossary, Index
650 ## - SUBJECT ADDED ENTRY--TOPICAL TERM
Topical Term Computer-Software
942 ## - ADDED ENTRY ELEMENTS (KOHA)
Koha item type Books
700 1# -
-- Lowe, Doug
Holdings
Collection code Home library Current library Date acquired Cost, normal purchase price Full call number Accession Number Koha item type
  Henry Martyn Institute Library Henry Martyn Institute Library 07/31/2007 150.00 005.3 LOW 017401 Books
                   Copyright © 2026 | Henry Martyn Institute | Hyderabad | TS-500052 | INDIA | Implemented by hmi.edu.in
Hit-Count:

Powered by Koha